| 000 | 00702nam a2200205 a 4500 | ||
|---|---|---|---|
| 001 | 000324466 | ||
| 003 | AM-YeHGA | ||
| 005 | 20250617130619.0 | ||
| 008 | 040406s1986 ||| r 000 0 rus d | ||
| 040 | _aAM-YeHGA | ||
| 041 | 1 |
_arus _hlav |
|
| 100 | 1 | _aЭзера, Регина. | |
| 245 | 1 | 0 |
_aНасилие ; _bПредательство : Романы / _cРегина Эзера; Пер. с латыш. В. Дорошенко. |
| 260 |
_aРига : _bЛиесма, _c1986. |
||
| 300 |
_a512 с. _bил. |
||
| 505 | 0 | _aНасилие; Предательство | |
| 653 | 0 | _aЛатышская литература | |
| 700 | 1 |
_aДорошенко, Вика _eпер. _4trl |
|
| 090 | _c122293 | ||
| 999 |
_c120940 _d120940 |
||